000 00618nam a2200205Ia 4500
003 OSt
005 20251023191439.0
008 210423s2003 xx 000 0 und d
040 _cAL
041 _aEnglish
082 _a361.3
_bGORS
100 _aGore M S
_9121191
245 _aSocial development
_b: challenges faced in an unequal and plusal society
260 _bRawat Publications
_c2003
365 _b675
_cINR
650 _aSocial Problems & Services
_9121192
650 _aSocial Work
_9121193
906 _aan ; challenges ; development: ; faced ; plusal ; Social ; society ; unequal
942 _2ddc
_cBK
999 _c173842
_d173842